000 00301nam a2200145Ia 4500
100 _aKhurmi/R.S.
650 _aProduction.
942 _cBK
366 _f20
245 _aStrength Of Materials.
260 _bS.Chand & Co.
_aNew Delhi.
082 _a621.1/KHU
300 _a765
546 _aENGLISH
999 _c20399
_d20399